Occupational wage survey (fifth round): report on nine engineering industries (1996-97) (Record no. 481203)

000 -LEADER
fixed length control field 00496cam a22001217a 4500
008 - FIXED-LENGTH DATA ELEMENTS--GENERAL INFORMATION
fixed length control field 180718b1999 xxu||||| |||| 00| 0 eng d
082 ## - DEWEY DECIMAL CLASSIFICATION NUMBER
Classification number R22068x54 In2/1996-97/E
245 ## - TITLE STATEMENT
Title Occupational wage survey (fifth round): report on nine engineering industries (1996-97)
Statement of responsibility, etc. by Labour Bureau, Ministry of Labour
260 ## - PUBLICATION, DISTRIBUTION, ETC.
Place of publication, distribution, etc. Delhi
Name of publisher, distributor, etc. The Controller of Publications
Date of publication, distribution, etc. 1999
300 ## - PHYSICAL DESCRIPTION
Extent 293+p.
650 ## - SUBJECT ADDED ENTRY--TOPICAL TERM
Topical term or geographic name entry element Wage surveys - Industrial engineering - India
700 ## - ADDED ENTRY--PERSONAL NAME
Personal name India. Ministry of Labour. Labour Bureau of
Holdings
Withdrawn status Lost status Damaged status Not for loan Permanent Location Current Location Date acquired Full call number Barcode Date last seen Price effective from Koha item type
        Indian Institute of Public Administration Indian Institute of Public Administration 2018-08-04 R22068x54 In2/1996-97/E GG25117 2018-08-04 2018-08-04 GG
        Indian Institute of Public Administration Indian Institute of Public Administration 2018-08-04 R22068x54 In2/1996-97/E GG23761 2018-08-04 2018-08-04 GG

Powered by Koha